Normal view
MARC view
- Leet, Kenneth/Chia mikg uang
Entry Personal Name
001 - CONTROL NUMBER
- control field: 4047
003 - CONTROL NUMBER IDENTIFIER
- control field: JO-AjAnu
005 - DATE AND TIME OF LATEST TRANSACTION
- control field: 20230606070950.0
008 - FIXED-LENGTH DATA ELEMENTS
- fixed length control field: 230606|| aca||aabn | a|a d
040 ## - CATALOGING SOURCE
- Original cataloging agency: JO-AjAnu
- Transcribing agency: JO-AjAnu
100 ## - HEADING--PERSONAL NAME
- Personal name: Leet, Kenneth/Chia mikg uang
670 ## - SOURCE DATA FOUND
- Source citation: Work cat.: (JO-AjAnu)2106: Leet, Kenneth/Chia mikg uang, author, Fundamentals of Structures Analysis